Сметные предположения на 1912 год по инспекции вод на Кавказе

Доступно только в Электронных читальных залах Найти на картеНа карте
RUSMARC
00003740nmc2a22002413x 450
001fceaa9b9-ad1f-48a8-a3e9-6d904d2f4f80
00520210427031055.0
100##$a20210115l19111911k l0rusy0189 ca
1010#$arus
102##$aRU
105##$aeb##
1222#$ad
2001#$aСметные предположения на 1912 год по инспекции вод на Кавказе
$j12 мая - 12 августа 1911 г.
215##$a87 л.
$cкарт.; план.
$d36,5х26 см
251##$cДело
300##$a[Карта водных учреждений на Кавказе, 1911 год (л. 5)]
371##$aДокумент не является опубликованным и широко распространяемым
461#0$1001a078f2b2-49fd-421e-a8dd-5b3c855613df
$12001
$aПереписка с Олонецким управлением земледелия и государственных имуществ о расходах на гидротехнические работы на фондовых землях
$1251
$cДело
$1852
$j1000
462#0$10011ad45bc4-c305-4a1e-a4f9-e0213db6ead5
$12001
$aОпись № 1
$1251
$cОпись
$1852
$j1
801#0$aRU
$bРГИА
$c20210115
$gRCR
801#1$aRU
$bГлавНИВЦ
$c20210115
$2rusmarc
801#2$aRU
$bПБ им. Б.Н. Ельцина
$c20210427
$gRCR
$2rusmarc
850##$aРГИА
852##$aРГИА
$eФедеральное казенное учреждение "Российский государственный исторический архив" (РГИА)
$j864
937##$hРГИА
$d12357531
$aASBIBLIO_SCAN
035##$aRusGRCC00019238
856##$uhttp://readingroom.main.prlib.ru/item.aspx?id_node=n163491994&mode=full
Формат отображения